Millennium Map gives a bird's eye view of the real world (Record no. 70083)

MARC details
000 -LEADER
fixed length control field 01420cam a2200253 4500
001 - CONTROL NUMBER
control field ABS65421
008 - FIXED-LENGTH DATA ELEMENTS--GENERAL INFORMATION
fixed length control field 020426n2002 000 0 eng u
035 ## - SYSTEM CONTROL NUMBER
System control number (Sirsi) u117699
100 ## - MAIN ENTRY--PERSONAL NAME
Personal name Eddy, J
245 ## - TITLE STATEMENT
Title Millennium Map gives a bird's eye view of the real world
260 ## - PUBLICATION, DISTRIBUTION, ETC.
Date of publication, distribution, etc. 2002
490 ## - SERIES STATEMENT
Series statement BURISA
Volume/sequential designation (151) March 2002, 2-7(6)
520 ## - SUMMARY, ETC.
Summary, etc. Discusses the advantages of Getmapping's Millennium Map to local authorities. The Millennium Map currently consists of 160 000sq km of high resolution aerial photography covering England and Wales (Scotland and Northern Ireland are due to be mapped this year). An initiative called Digital National Imagery (DNI) has been set up to provide access to the Millennium Map data to public sector organisations. Illustrates how a number of local authorities are already using aerial photography for a range of purposes including car parking surveys, parking enforcement, border disputes, street inventories, local transport planning, monitoring the land, and coastline and ancient site surveying. Further information available from http://www.getmapping.com. Local authority case studies. Appendices.
590 ## - LOCAL NOTE (RLIN)
Local note ABS
650 ## - SUBJECT ADDED ENTRY--TOPICAL TERM
Topical term or geographic name entry element GETMAPPING
650 ## - SUBJECT ADDED ENTRY--TOPICAL TERM
Topical term or geographic name entry element AERIAL MAPPING
650 ## - SUBJECT ADDED ENTRY--TOPICAL TERM
Topical term or geographic name entry element LOCAL AUTHORITIES
650 ## - SUBJECT ADDED ENTRY--TOPICAL TERM
Topical term or geographic name entry element MILLENNIUM MAP
650 ## - SUBJECT ADDED ENTRY--TOPICAL TERM
Topical term or geographic name entry element GIS
650 ## - SUBJECT ADDED ENTRY--TOPICAL TERM
Topical term or geographic name entry element GIS
650 ## - SUBJECT ADDED ENTRY--TOPICAL TERM
Topical term or geographic name entry element AERIAL PHOTOGRAPHY
690 ## - LOCAL SUBJECT ADDED ENTRY--TOPICAL TERM (OCLC, RLIN)
Topical term or geographic name as entry element MAPPING AND MEASUREMENT
942 ## - ADDED ENTRY ELEMENTS (KOHA)
Suppress in OPAC 0
Holdings
Withdrawn status Lost status Source of classification or shelving scheme Damaged status Not for loan Home library Current library Shelving location Date acquired Total Checkouts Full call number Barcode Date last seen Copy number Price effective from Koha item type
    Dewey Decimal Classification     London London Journal article 26/04/2002   ABS65421 117699-1001 06/08/2019 1 06/08/2019 Journal article